Statistics for Top 50 biggest countries in the world by area

Click here to take the quiz!

General Stats

  • This quiz has been taken 108 times
  • The average score is 43 of 50

Answer Stats

areanumbercountry% Correct
8,5 million square km5.Brazil
100%
10 million square km2.Canada
100%
17 million square km1.Russia
100%
9,8 million square km3.USA
100%
2,8 million square km8.Argentina
99%
7,7 million square km6.Australia
99%
9,6 million square km4.China
99%
2 million square km14.Mexico
99%
3,3 million square km7.India
98%
1 million square km30.Egypt
95%
1,90 million square km15.Indonesia
95%
2,7 million square km9.Kazakhstan
95%
2,1 million square km13.Saudi Arabia
95%
1,22 million square km25.South Africa
95%
2,4 million square km10.Algeria
94%
1,14 million square km26.Colombia
94%
1,76 million square km17.Libya
94%
800 000 square km36.Pakistan
94%
1,86 million square km16.Sudan
94%
780 000 square km37.Turkey
94%
1,56 million square km19.Mongolia
93%
1,27 million square km22.Niger
93%
1,10 million square km27.Ethiopia
91%
670 000 square km41.France
91%
1,65 million square km18.Iran
91%
1,29 million square km20.Peru
91%
650 000 square km42.Afghanistan
90%
1,28 million square km21.Chad
90%
600 000 square km46.Ukraine
89%
1,24 million square km24.Mali
88%
920 000 square km32.Nigeria
88%
1,25 million square km23.Angola
86%
1,1 million square km28.Bolivia
86%
760 000 square km38.Chile
86%
2,3 million square km11.Congo
85%
950 000 square km31.Tanzania
85%
910 000 square km33.Venezuela
84%
580 000 square km49.Kenya
81%
800 000 square km35.Mozambique
80%
820 000 square km34.Namibia
79%
750 000 square km39.Zambia
76%
620 000 square km45.Central African Republic
75%
640 000 square km44.Somalia
75%
590 000 square km47.Madagascar
74%
580 000 square km48.Botswana
70%
640 000 square km43.South Sudan
70%
680 000 square km40.Myanmar
69%
530 000 square km50.Yemen
60%
1,03 million square km29.Mauretania
11%
2,2 million square km12.Denmark (included Greenland)
1%

Score Distribution

Percentile by Number Answered

Percent of People with Each Score

Your Score History

You have not taken this quiz